000 00365pab a2200133 454500
008 180718b1986 xxu||||| |||| 00| 0 eng d
100 _aKalkundrikar, Anil B.
245 _aThe future of prices in India
260 _c1986
300 _a161-7
650 _aPrices, Whole Sale - India
773 _aJournal of Karnataka University (Social Sciences)
909 _a16117
999 _c16117
_d16117